Largest/Smallest Countries per Continent Quiz Stats

Quiz Updated Jan 18, 2015

Challenge
Share
Tweet
Embed
Score 0/60 Timer 07:00
6 Plays Today
Continent Country % Correct
Europe LargestRussia
98.7%
Asia LargestRussia
97.7%
Asia LargestChina
94.5%
North America LargestCanada
93.3%
North America LargestUSA
93.3%
North America LargestMexico
90.9%
Europe SmallestVatican City
90.9%
South America LargestBrazil
90.2%
Oceania LargestAustralia
89.3%
Europe LargestFrance
87.6%
Asia LargestIndia
87%
South America LargestArgentina
86.8%
Oceania LargestNew Zealand
84.3%
Europe SmallestMonaco
82.1%
South America LargestPeru
79.7%
Europe LargestUkraine
79.6%
Europe SmallestSan Marino
77.4%
South America LargestColombia
76.2%
Europe LargestTurkey
73.9%
Europe SmallestLiechtenstein
73.8%
South America SmallestUruguay
73.8%
South America SmallestParaguay
73.4%
Africa LargestAlgeria
71.7%
South America LargestBolivia
71.1%
Africa LargestSudan
70.2%
South America SmallestSuriname
69.8%
Asia LargestKazakhstan
68.9%
South America SmallestGuyana
68.7%
Africa LargestDemocratic Republic of the Congo
67.9%
South America SmallestEcuador
67.3%
Continent Country % Correct
Oceania LargestFiji
66.6%
Oceania LargestPapua New Guinea
63.2%
Africa LargestLibya
62.5%
Africa LargestChad
62.5%
North America LargestHonduras
62.4%
Europe LargestDenmark (inc. Greenland)
62.3%
Europe SmallestMalta
61.6%
Asia SmallestSingapore
60.6%
North America LargestNicaragua
60%
North America SmallestSt Kitts and Nevis
57.3%
Oceania SmallestNauru
55.6%
Africa SmallestSeychelles
55.3%
Asia LargestSaudi Arabia
54.7%
Oceania SmallestTuvalu
54.3%
Oceania SmallestMarshall Islands
53.3%
Oceania SmallestPalau
53.2%
North America SmallestSt Vincent and the Grenadines
52.3%
Oceania SmallestMicronesia
51.5%
North America SmallestBarbados
51.3%
Asia SmallestBrunei
51%
Oceania LargestSolomon Islands
50.7%
Africa SmallestCabo Verde
50%
Africa SmallestSão Tomé and Príncipe
49.7%
Asia SmallestMaldives
49.4%
Africa SmallestComoros
49%
Asia SmallestBahrain
48.5%
North America SmallestGrenada
48.2%
Africa SmallestMauritius
47.4%
North America SmallestAntigua and Barbuda
46.5%
Asia SmallestPalestine
35.9%

You're not logged in!

Compare scores with friends on all Sporcle quizzes.
Join for Free
OR
Log In

You Might Also Like...

Show Comments

Extras

Top Quizzes Today


Score Distribution

Your Account Isn't Verified!

In order to create a playlist on Sporcle, you need to verify the email address you used during registration. Go to your Sporcle Settings to finish the process.

Report this User

Report this user for behavior that violates our Community Guidelines.

Details: